Crítica de la Constitución : sus zonas oscuras /
Guardado en:
| Autor Principal: | |
|---|---|
| Formato: | Libro |
| Idioma: | Undetermined |
| Publicado: |
Buenos Aires :
Capital intelectual,
2004.
|
| Edición: | 1a. ed. |
| Series: | Claves para todos
|
| Materias: | |
| Etiquetas: |
Agregar Etiqueta
Sin Etiquetas, Sea el primero en etiquetar este registro!
|
| LEADER | 00500nam a22001575a 4500 | ||
|---|---|---|---|
| 001 | DER.der015044 | ||
| 008 | 241008s2004####ag############000#0#und#d | ||
| 005 | 20250827174351.0 | ||
| 245 | 1 | 0 | |a Crítica de la Constitución : |b sus zonas oscuras / |c Roberto Gargarella. |
| 250 | |a 1a. ed. | ||
| 260 | |a Buenos Aires : |b Capital intelectual, |c 2004. | ||
| 300 | |a 125 p. | ||
| 490 | 1 | |a Claves para todos | |
| 100 | 1 | |a Gargarella, Roberto. | |
| 650 | 7 | |a DERECHO CONSTITUCIONAL | |
| 859 | |a DERECHO |b BIB. DERECHO |h 342.02 |i GAR |p 0010504 | ||
